Score 0/6 Timer 01:30
0 Plays Today
Hint Answer % Correct
Starts with QQatar
99.5%
Contains a QQatar
99.5%
Capital starts with QEcuador
89.7%
Contains a QEquatorial Guinea
84.5%
Contains a QMozambique
82.6%
Contains a QIraq
81.7%
Remove Ads.
Support Sporcle.
Get the best of Sporcle when you Go Orange. This ad-free experience offers more features, more stats, and more fun while also helping to support Sporcle. Thank you for becoming a member.

You're not logged in!

Compare scores with friends on all Sporcle quizzes.
OR
Log In

Show Comments

Extras

Created Sep 15, 2013ReportNominate
Tags:Country Quiz, challenge

Top Quizzes Today


Score Distribution

Your Account Isn't Verified!

In order to create a playlist on Sporcle, you need to verify the email address you used during registration. Go to your Sporcle Settings to finish the process.

Report this User

Report this user for behavior that violates our Community Guidelines.

Details: